| 000 | 00000nas 2200000za 4500 |
| 001 | 9.821142 |
| 003 | CaOODSP |
| 005 | 20250620081454 |
| 007 | cr ||||||||||| |
| 008 | 160715c20169999oncar pso||||f0 |0fre|d |
| 040 | |aCaOODSP|bfre |
| 043 | |an-cn--- |
| 086 | 1 |aBC9-19F-PDF |
| 245 | 00|aDistribution de radiodiffusion. |pCâblodistribution, télévision sur IP, systèmes de distribution multipoint (SDM) et satellite de radiodiffusion directe (SRD)|h[ressource électronique] : |brelevés statistiques et financiers / |cConsommation et politique stratégique. |
| 246 | 13|aDistribution de radiodiffusion. |pCâblodistribution, télévision par protocole Internet (IPTV) et satellite de radiodiffusion directe (SRD) : |brelevés statistiques et financiers |
| 260 | |a[Ottawa] : |bConseil de la radiodiffusion et des télécommunications canadiennes,|c[2016]- |
| 310 | |aAnnuel |
| 362 | 0 |aParaît depuis 2011/2015. |
| 500 | |aPublié aussi en anglais sous le titre : Broadcast distribution: statistical and Financial summaries. |
| 692 | 07|2gccst|aTélécommunications |
| 710 | 2 |aConseil de la radiodiffusion et des télécommunications canadiennes. |
| 775 | 08|tBroadcasting distribution. |w(CaOODSP)9.821140 |
| 780 | 00|tDistribution de radiodiffusion. |w(CaOODSP)9.515918 |